| 000 | 00901 a2200253 4500 | ||
|---|---|---|---|
| 003 | Nust | ||
| 005 | 20170207153053.0 | ||
| 010 | _a 90029032 | ||
| 020 | _a0122004000 | ||
| 040 | _cNust | ||
| 082 | 0 | 0 | _a503 |
| 245 | 0 | 0 |
_aAcademic Press dictionary of science and technology _cedited by Christopher Morris. |
| 260 |
_aSan Diego : _bAcademic Press, _cc1992. |
||
| 300 |
_axxxii, 2432 p. : _bill. (some col.) ; _c29 cm. |
||
| 538 | _aAlmirah No.19 Shelf No.5 | ||
| 650 | 0 |
_aScience _xDictionaries. |
|
| 650 | 0 |
_aTechnology _xDictionaries. |
|
| 700 | 1 | _aMorris, Christopher G. | |
| 710 | 2 | _aAcademic Press. | |
| 740 | 0 | _aDictionary of science and technology. | |
| 856 | 4 | 2 |
_3Publisher description _uhttp://www.loc.gov/catdir/description/els032/90029032.html |
| 856 | 4 | 2 |
_3Table of contents _uhttp://www.loc.gov/catdir/toc/els031/90029032.html |
| 856 | 4 | 2 | _uhttp://www.xreferplus.com/letter_picker.jsp?vol=236 |
| 942 | _cREF | ||
| 999 |
_c178800 _d178800 |
||